000 00593nam a2200241Ia 4500
003 OSt
005 20221005121739.0
006 a|||||r|||| 00| 0
007 ta
008 221004b |||||||| |||| 00| 0 eng d
024 _a42882
037 _cTextual
040 _aCRL
_cCRL
_beng
041 _2eng
_aeng
082 _aO13,1D3,1, 111A
100 _aHomer
245 0 _aIIiad tr by Alexander Pope
260 _c1870
650 _a ENGLISH LITERATURE
650 _aGREEK LITERATURE
942 _hO13,1D3,1, 111A
_cTEXL
_2cc
999 _c1042132
_d1042132